000 00661naa a2200181 4500
001 211679
003 ES-MaBCM
005 20230222123642.0
008 190715t2019 fr ||||| |||| 00| 0 fre d
035 _a(OCoLC)1365124131
040 _cES-MaBCM
100 1 _9123309
_aAyache, Laurent
245 1 0 _aChronique annuelle de la jurisprudence relative aux aides d'État
_b: (janvier 2018 - décembre 2018)
_cLaurent Ayache, Charlotte Michellet
504 _aIncluye referencias bibliográficas
700 1 _9123310
_aMichellet, Charlotte
773 _dParis
_gn. 628 (mai 2019), p. 316-329 - Loc. S.304
_tRevue de l'Union Européenne
_w182585
942 _2udc
_cAREV
999 _c211679
_d211679